Statystyki dla Największe miasta w pasie mapy Stanów Zjednoczonych

Kliknij tutaj aby rozwiązać quiz!

Ogólne statystyki

  • Ten quiz został rozwiązany 35 razy
  • Średni wynik to 6 z 14

Odpowiedzi na mapie

Odpowiedzi skodowane kolorowo w zielono-czerwonej skali na mapie do tego quizu, zgodnie z poniższymi procentami.
 

Statystyki odpowiedzi

PopulacjaMiasto% Poprawnych
2 693 976Chicago
100%
876 384Indianapolis
65%
390 144Nowy Orlean
65%
429 606Minneapolis
47%
670 820Nashville
47%
651 073Memphis
38%
590 157Milwaukee
38%
209 403Birmingham
35%
300 576Saint Louis
35%
220 236Baton Rouge
24%
617 638Louisville
18%
308 096Saint Paul
18%
214 237Des Moines
15%
259 680Madison
15%

Rozkład punktacji

Percentyl według liczby udzielonych odpowiedzi

Procent ludzi z każdym wynikiem

Twoja historia wyników

Nie rozwiązałeś tego quizu